🔮 Purple Map Quiz - Name North America Countries - Statistics

General Stats
  • This quiz has been taken 48 times
  • The average score is 22 of 23
Answers on the Map
Answers color-coded by a green-red scale on the quiz's map according to % correct below.
 
Answer Stats
Answer % Correct
Canada
100%
Cuba
100%
Honduras
100%
Mexico
100%
United States
100%
Bahamas
97%
Barbados
97%
Dominican Republic
97%
Haiti
97%
Jamaica
97%
Nicaragua
97%
Panama
97%
Belize
95%
Costa Rica
95%
Dominica
95%
Guatemala
95%
St. Kitts and Nevis
95%
Antigua and Barbuda
92%
St. Vincent and theGrenadines
92%
Grenada
90%
Trinidad and Tobago
90%
El Salvador
87%
St. Lucia
87%
No matching quizzes found
Score Distribution
Percent of People with Each Score
Percentile by Number Answered
Your Score History
You have not taken this quiz